000 00487nam a2200145 4500
999 _c6813
_d6813
008 170503b xxu||||| |||| 00| 0 eng d
022 _a0119-9000
082 _aDPer 641.505 C77 Jan-June 2013 v.13-14
245 _aChef RJ Garcia is the star of san miguel purefoods culinary center.
260 _aPhilippines:
_bUBM Medica,
_c©Jan-June 2013.
300 _av13 n12, pages 56-57:
_billustrations;
_c29 cm.
500 _aCook.
650 0 _920636
_aCooking
_xChef
942 _2ddc
_cPER